01098 2200349 4500001002100000005001500021035002000036007000300056008004100059020002200100040002200122082001200144084001400156090001800170090002200188100004400210245009800254250003600352300005000388650001400438650002500452700002900477850001200506504003300518264003400551336002100585337003000606338002300636246004500659999002200704990002200726INLIS00000000085578520200630112453 a0010-0620000198ta200630s2019 yoia g f 0 ind d a978-623-7324-97-3 aYOPDYOGbinderda04223a657 a657 IND p aDEP 657 IND p aCB-D.11 2019-26730 aIndra Mahardika Putrad1988-ePengarang1 aPengantar komplet akuntansi dan perpajakan /cIndra Mahardika Putra; penyunting, Fira Husaini aCetakan pertama, September 2019 axiv, 461 halaman :bilustrasi, tabel ;c20 cm 4aAkuntansi 4aPajak dan Perpajakan0 aFira HusainiePenyunting aYOPDYOG aBibliografi: halaman 456-45931aYogyakarta :bQuadrant,c2019 2rdacontentateks 2rdamediaatanpa perantara 2rdacarrieravolume aPengantar komplet akuntansi & perpajakan aCB-D.11/2019-2673 aCB-D.11/2019-2673